| 000 | 00435nam a2200169 a 4500 | ||
|---|---|---|---|
| 005 | 20140310183149.0 | ||
| 008 | 020826s19uu xx 00 eng d | ||
| 020 | _a0553025171 | ||
| 050 |
_aPZ 3 _b.N7123 1976 |
||
| 100 | _aNolan, William F. | ||
| 245 |
_aLogan's run / _cWilliam F. Nolan. |
||
| 260 |
_aNew York ; _bBantam Books, _c1976. |
||
| 300 |
_a148 p. : _c17 cm. |
||
| 650 | _aFiction | ||
| 942 |
_cBK _2lcc |
||
| 999 |
_c19608 _d19608 |
||